Los suelos y su fertilidad /
Guardado en:
| Autor Principal: | |
|---|---|
| Otros Autores: | |
| Formato: | Libro |
| Publicado: |
Barcelona :
Reverté,
1980
|
| Edición: | 4a. ed. |
| Materias: | |
| Etiquetas: |
Agregar Etiqueta
Sin Etiquetas, Sea el primero en etiquetar este registro!
|
| LEADER | 01150nam a22002295a 4500 | ||
|---|---|---|---|
| 001 | CEM.cems016181 | ||
| 005 | 20120312103709.0 | ||
| 008 | 130507s1980##################000#0#####d | ||
| 003 | CEMS | ||
| 020 | |a 8429110410 | ||
| 082 | 0 | 4 | |a 631.4 |
| 100 | 1 | |a Thompson, Louis M. | |
| 245 | 1 | 0 | |a Los suelos y su fertilidad / |c Louis M. Thompson y Frederick R. Troeh |
| 250 | |a 4a. ed. | ||
| 260 | |a Barcelona : |b Reverté, |c 1980 | ||
| 300 | |a 649 p. | ||
| 505 | 0 | |a El suelo -- La formación del suelo -- Proiedades físicas del suelo -- El agua del suelo -- Materia orgánica del suelo -- Mineralogía del suelo -- Química del suelo -- Fetilizantes -- Nitrógeno -- Fósforo -- Potasio -- Calcio, magnesio y azufre -- Los micronutrientes -- Variaciones en la composición de las plantas -- Clasificación y prospección del suelo -- Uso del territorio y gestión del suelo -- Gestión del agua -- La erosión del suelo y su control -- Polución del suelo -- Unidades de medida | |
| 653 | |a Suelos | ||
| 653 | |a Fertilidad del suelo | ||
| 653 | |a Suelos-fertilidad | ||
| 700 | 1 | |a Troeh, Frederick R. | |
| 859 | |a CEMS |b BIB. CEMS - Agricultura |h 631.4 |i T376a4 |p A10959.82 |t Ej.1 | ||
